Central Library OPAC University of Rajshahi

Education in Asia and Oceania : (Record no. 8859)

MARC details
000 -LEADER
fixed length control field 00962cam a2200277 i 4500
001 - CONTROL NUMBER
control field 8859
003 - CONTROL NUMBER IDENTIFIER
rucl marc code BD-RjUL
005 - DATE AND TIME OF LATEST TRANSACTION
control field 20211208234651.0
008 - FIXED-LENGTH DATA ELEMENTS--GENERAL INFORMATION
fixed length control field 801209t19791980fr i000 0 eng
020 ## - INTERNATIONAL STANDARD BOOK NUMBER
International Standard Book Number 9231017551
035 ## - SYSTEM CONTROL NUMBER
System control number (BD-RjUL)8904
040 ## - CATALOGING SOURCE
Original cataloging agency DLC
Transcribing agency DLC
Modifying agency DLC
-- BD-RjU
Language of cataloging eng
041 ## - LANGUAGE CODE
Language code of text/sound track or separate title eng
082 00 - DEWEY DECIMAL CLASSIFICATION NUMBER
Classification number 370.95
Edition number 19
Author mark and year UNE 1980
110 2# - MAIN ENTRY--CORPORATE NAME
Corporate name or jurisdiction name as entry element Unesco.
Subordinate unit Regional Office for Education in Asia and Oceania.
9 (RLIN) 116331
245 10 - TITLE STATEMENT
Title Education in Asia and Oceania :
Remainder of title a challenge for the 1980s /
Statement of responsibility, etc. Unesco. Regional Office for Education in Asia and Oceania.
260 ## - PUBLICATION, DISTRIBUTION, ETC. (IMPRINT)
Place of publication, distribution, etc. Paris :
Name of publisher, distributor, etc. Unesco ;
Date of publication, distribution, etc. c1980.
300 ## - PHYSICAL DESCRIPTION
Pagination 60 p. :
Illustrations Ill. ;
Size 30 cm.
650 #0 - SUBJECT ADDED ENTRY--TOPICAL TERM
Topical term or geographic name as entry element Education
Geographic subdivision Asia.
9 (RLIN) 99105
Topical term or geographic name as entry element Education
Geographic subdivision Oceania.
9 (RLIN) 99106
830 ## - SERIES ADDED ENTRY--UNIFORM TITLE
Uniform title Educational studies and documents :new series ; no. 38.
942 ## - ADDED ENTRY ELEMENTS (KOHA)
Source of classification or shelving scheme Dewey Decimal Classification
Koha item type Documents
Holdings
Lost status Source of classification or shelving scheme Damaged status Not for loan Collection code Permanent Location Current Location Shelving location Date acquired Source of acquisition Cost, normal purchase price Total Checkouts Full call number Date last seen Copy number Koha item type
  Dewey Decimal Classification   Not For Loan Non-fiction Central Library, University of Rajshahi Central Library, University of Rajshahi Documentation Section 02/08/1987 Unesco 0.00   DOC 370.95 UNE 1980 27/04/2014 C-1 Documents